| 000 | 00670nam a2200181 4500 | ||
|---|---|---|---|
| 001 | 6604 | ||
| 005 | 20181127181842.0 | ||
| 090 | 0 | 0 | _aPOL.SCI CAP No.76 |
| 245 | 0 | 0 |
_aCohabitation in Thimphu / _b _cSonam Choki. _h |
| 260 | 0 | 0 |
_a[Thimphu] : _b[Royal Thimphu College], _c2017. |
| 300 |
_a21 leaves ; 30 cm. _b _c _e |
||
| 500 | _aStudent research project for BA, Political Science (Capstone Project):(2017). | ||
| 500 | 0 | 0 | _aSpiral-bound xerographic copy. |
| 504 | _aIncludes bibliographical references. | ||
| 650 |
_aCapstone Project. _v _x _y _z _2 |
||
| 650 | _aCohabitation agreements -- Bhutan. | ||
| 650 |
_aUnmarried couples -- Legal status, laws, etc. -- Bhutan. _v _x _y _z _2 |
||
| 999 |
_c5555 _d5555 |
||